| 000 | 00697nac a22001931u 4500 | ||
|---|---|---|---|
| 020 | _a0070420394 (pbk.) | ||
| 082 |
_a621 _bY13 |
||
| 090 |
_c917 _d917 |
||
| 100 | _aYahya, S. M. | ||
| 245 |
_aTurbines compressors and fans / _cS. M. Yahya. |
||
| 250 | _a2nd ed. | ||
| 260 |
_aNew Delhi: _bTata McGraw-Hill, _c2002 _cg (2003 [printing]) |
||
| 300 |
_axviii, 813 p. : _bill. (some col.) ; _c 23 cm. |
||
| 500 | _aPrevious ed.: 1983. | ||
| 504 | _aIncludes bibliographical references and index. | ||
| 650 | _aTurbines. | ||
| 942 |
_cBB _k621Y13 |
||
| 999 |
_c917 _d917 |
||